000
00306nam a22001337a 4500
008
170914b xxu||||| |||| 00| 0 eng d
020
_a
9780517550588
041
_a
eng
080
_a
7
100
_a
44
101
_a
ART
245
_a
THE ART LIFE GEORGIA O KEEFFE
_c
CASTRO.J.G
942
_2
udc
_c
BK
999
_c
27693
_d
27693